000 00338nam a2200133Ia 4500
008 240624s9999 xx 000 0 und d
041 _aeng
082 _a338.4 COR
100 _aCORTADA JAMES W
245 _aBEFORE THE COMPUTER IBM NCR BURROUGHS AN
260 _c2015
_bPrinceton University Press
300 _a402 : p.
365 _c
_b30
999 _c27977
_d27977